Untersuchungen zu Totenbuch Spruch 151 /

محفوظ في:

المؤلف الرئيسي: Lüscher, Barbara.

التنسيق: كتاب

اللغة: German

منشور في: Wiesbaden : Harrassowitz, 1998.

سلاسل: Studien zum Altägyptischen Totenbuch ; 2.
SAT ; 2.

الموضوعات:

الوسوم: إضافة وسم

لا توجد وسوم, كن أول من يضع وسما على هذه التسجيلة!

رقم الطلب: PJ1555.1 .S8 v.2

LEADER 00835nam a22002657a 4500
003 OSt
005 20251020122442.0
008 251020t1998 gw a b 000 0 ger c
020 |a 344703968X 
040 |c ARCE Library 
050 1 4 |a PJ1555.1  |b .S8 v.2 
100 1 |a Lüscher, Barbara. 
245 1 0 |a Untersuchungen zu Totenbuch Spruch 151 /   |c Barbara Lüscher. 
264 1 |a Wiesbaden :   |b Harrassowitz,   |c 1998. 
300 |a xxvii, 342 p. :   |b ill. ;   |c 30 cm. 
490 0 |a Studien zum Altägyptischen Totenbuch ;   |v 2. 
490 0 |a SAT ;   |v 2. 
500 |a Revision of the author's thesis (doctoral)--Universität Basel, 1995 
504 |a Includes bibliographical references. 
650 0 |a Book of the dead. 
650 0 |a Future life. 
650 0 |a Incantations, Egyptian. 
901 |a reviewed 
942 |2 lcc  |c BK 
999 |c 50146  |d 50146